[Event "ch-ROU"]
[Site "Cluj ROU"]
[Date "2008.02.28"]
[Round "6"]
[White "Parligras,M"]
[Black "Daianu,C"]
[Result "1-0"]
[WhiteElo "2574"]
[BlackElo "2265"]

1.e4 c5 2.Nc3 d6 3.Nf3 Nf6 4.d4 cxd4 5.Nxd4 a6 6.Be3 e6 7.g4 h6 8.f3 Qc7
9.Qd2 b5 10.O-O-O Bb7 11.h4 Nc6 12.Be2 Nxd4 13.Bxd4 Nd7 14.a3 Nb6 15.g5 Nc4
16.Bxc4 Qxc4 17.g6 fxg6 18.Qg2 e5 19.Qxg6+ Qf7 20.Qxf7+ Kxf7 21.Bxe5 Bxe4
22.Bxg7 Bxg7 23.Nxe4  1-0

[Event "25th Festival Open A"]
[Site "Bled SLO"]
[Date "2008.02.29"]
[Round "8"]
[White "Buzeti,J"]
[Black "Jeran,B"]
[Result "1-0"]
[WhiteElo "2146"]
[BlackElo "2173"]

1.e4 c5 2.Nf3 d6 3.d4 cxd4 4.Nxd4 Nf6 5.Nc3 a6 6.Be3 e6 7.g4 Nc6 8.g5 Nd7
9.Qd2 Qc7 10.O-O-O Nde5 11.f4 Nxd4 12.Qxd4 Nd7 13.h4 b5 14.Bh3 Bb7 15.h5 Rc8
16.g6 hxg6 17.hxg6 f5 18.Rd2 b4 19.Qxb4 d5 20.Qb3 Nc5 21.Bxc5 Bxc5 22.Na4 Bd6
23.e5 Be7 24.Bg2 Rxh1+ 25.Bxh1 Bc6 26.Rd4 Rb8 27.Qh3 Qb7 28.b3 Qa7 29.Qc3 Ba3+
30.Nb2 Bc5 31.Rd3 Rc8 32.Rh3 Bf8 33.Rh8 Qg1+ 34.Nd1 Kd7 35.Rh3 Ba3+ 36.Kd2 Bb5
37.Qe3 Qxg6 38.c3 Bc5 39.Qg3 Qxg3 40.Rxg3 Bf8 41.Ne3 Ke7 42.Bf3 Be8 43.Nc2 g6
44.Rh3 Kf7 45.Nd4 Bd7 46.Be2 Ra8 47.Nf3 Kg8 48.Ng5 a5 49.a4 Rb8 50.Kc2 Rb7
51.Bb5 Bxb5 52.axb5 Rb6 53.c4 dxc4 54.bxc4 a4 55.Kb2 Bc5 56.Rh6 Kg7 57.Rh7+ Kg8
58.Rc7 Be3 59.Rc6 Rxc6 60.bxc6 Bxf4 61.Nf3  1-0

[Event "ch-ROU"]
[Site "Cluj ROU"]
[Date "2008.02.29"]
[Round "7"]
[White "Dragomirescu,R"]
[Black "Taras,I"]
[Result "1-0"]
[WhiteElo "2142"]
[BlackElo "2269"]

1.e4 c5 2.Nf3 d6 3.d4 cxd4 4.Nxd4 Nf6 5.Nc3 a6 6.Be3 e5 7.Nb3 Be6 8.f3 Be7
9.Qd2 O-O 10.g4 d5 11.exd5 Nxd5 12.Nxd5 Bxd5 13.Qg2 Qc7 14.Bd3 Nc6 15.c3 Rad8
16.Rd1 a5 17.Qf2 Rd7 18.O-O g6 19.Nc5 Rdd8 20.Ne4 f5 21.gxf5 gxf5 22.Bb6 Qc8
23.Bxd8 Nxd8 24.Qg3+ Kf7 25.Qxe5 Rg8+ 26.Kh1 Be6 27.Nd6+  1-0

[Event "58th ch-RUS w 1st liga"]
[Site "Smolensk RUS"]
[Date "2008.02.29"]
[Round "3"]
[White "Schepetkova,M"]
[Black "Lupik,M"]
[Result "0-1"]
[WhiteElo "2173"]
[BlackElo "2222"]

1.e4 c5 2.Nf3 d6 3.d4 cxd4 4.Nxd4 Nf6 5.Nc3 a6 6.Be3 Ng4 7.Bg5 h6 8.Bh4 g5
9.Bg3 Bg7 10.Qd2 Nc6 11.Nb3 Be6 12.h4 gxh4 13.Rxh4 Nge5 14.O-O-O b5 15.Nd4 Nxd4
16.Qxd4 Bf6 17.Bxe5 Bxe5 18.Qd2 Qa5 19.a3 Bf6 20.Rh1 Rc8 21.Nd5 Qxd2+ 22.Rxd2 Bg5
23.f4 Bxd5 24.fxg5 Bxe4 25.gxh6 f6 26.a4 Rc5 27.Rh4 Bc6 28.b4 Rg5 29.axb5 axb5
30.c4 Kf7 31.Ra2 bxc4 32.Bxc4+ Kg6 33.Bd3+ Kf7 34.Ra7 Rxg2 35.b5 Bd5 36.b6 Rc8+
37.Rc7 Ra8 38.h7 Ra1+ 39.Bb1 Ba2 40.Rb4 Rh2 41.b7 Bxb1 42.Rxb1 Rh1+ 43.Kc2 Raxb1
44.h8=Q Rxh8 45.Kxb1 Rb8 46.Kc2 Ke6 47.Kd3 d5 48.Kd4 Kd6  0-1

[Event "4th Rectors Cup"]
[Site "Belgorod RUS"]
[Date "2008.03.01"]
[Round "6"]
[White "Solodovnichenko,Y"]
[Black "Danin,A"]
[Result "1-0"]
[WhiteElo "2541"]
[BlackElo "2480"]

1.e4 c5 2.Nc3 d6 3.Nge2 Nf6 4.d4 cxd4 5.Nxd4 a6 6.Be3 e5 7.Nf3 Be7 8.Bc4 O-O
9.O-O Be6 10.Bb3 Nc6 11.Bg5 Nd7 12.Bxe7 Qxe7 13.Nd5 Qd8 14.Qe2 Nc5 15.Rad1 b5
16.h3 Rc8 17.Rd2 Nxb3 18.axb3 Bxd5 19.Rxd5 Ne7 20.Rd3 Qb6 21.Rfd1 Rc6 22.Qd2 Nc8
23.Nh4 Qc7 24.c3 Re8 25.Nf5 Re6 26.h4 Qd8 27.h5 g6 28.hxg6 fxg6 29.Rf3 Rc7
30.Ne3 Rf7 31.Rxf7 Kxf7 32.Ra1 Qb6 33.Nd5 Qb7 34.Qh6 Kg8 35.Qh3 Qf7 36.Nc7  1-0

[Event "58th ch-RUS w 1st liga"]
[Site "Smolensk RUS"]
[Date "2008.03.03"]
[Round "6"]
[White "Shabrina,T"]
[Black "Korchagina,V"]
[Result "1/2-1/2"]
[WhiteElo "1903"]
[BlackElo "2182"]

1.e4 c5 2.Nf3 d6 3.d4 cxd4 4.Nxd4 Nf6 5.Nc3 a6 6.Be3 e5 7.Nf3 h6 8.a4 Nc6
9.Bc4 Be7 10.O-O O-O 11.Qe2 Be6 12.Rad1 Bxc4 13.Qxc4 Rc8 14.Qe2 Qc7 15.Ne1 Rfd8
16.f4 exf4 17.Rxf4 Ne5 18.Kh1 Qc4 19.Nd3 Ng6 20.Rf3 Nxe4 21.Nxe4 Qxe4 22.Qf2 Rf8
23.b3 Bh4 24.Qd2 Be7 25.c4 Rfe8 26.Nb4 Bg5 27.Bxg5 hxg5 28.Qxd6 Ne5 29.Rff1 Ng4
30.Qd5 Qg6 31.Qd7 Qh5 32.h3 Ne3 33.Rfe1 Nxd1 34.Rxe8+ Rxe8 35.Qxe8+ Kh7 36.Qe4+ Qg6
37.Qxb7 a5 38.Na6 g4 39.hxg4 Qh6+  1/2-1/2

[Event "58th ch-RUS w 1st liga"]
[Site "Smolensk RUS"]
[Date "2008.03.06"]
[Round "9"]
[White "Korchagina,V"]
[Black "Airapetian,Ta"]
[Result "1-0"]
[WhiteElo "2182"]
[BlackElo "2162"]

1.e4 c5 2.Nf3 d6 3.d4 cxd4 4.Nxd4 Nf6 5.Nc3 a6 6.Be3 e6 7.f3 b5 8.Qd2 Nbd7
9.g4 h6 10.O-O-O b4 11.Na4 Qa5 12.b3 Bb7 13.Kb1 d5 14.e5 Nxe5 15.Nxe6 Nxf3
16.Qe2 d4 17.Bxd4 Ne4 18.Bb6 Qe5 19.Nc7+ Ke7 20.Bg2 Ned2+ 21.Rxd2 Nxd2+ 22.Qxd2 Rd8
23.Bc5+ Kf6 24.Qxd8+  1-0

[Event "KNSB TCh-NED 2007-8"]
[Site "Netherlands NED"]
[Date "2008.03.08"]
[Round "7"]
[White "Okkes,M"]
[Black "Ringoir,T"]
[Result "1/2-1/2"]
[WhiteElo "2365"]
[BlackElo "2229"]

1.e4 c5 2.Nf3 d6 3.d4 cxd4 4.Nxd4 Nf6 5.Nc3 a6 6.Be3 e5 7.Nb3 Be6 8.Qd2 Nbd7
9.f3 b5 10.a4 b4 11.Nd5 Bxd5 12.exd5 Nb6 13.Bxb6 Qxb6 14.a5 Qb7 15.O-O-O h5
16.Kb1 g6 17.g3 Bh6 18.Qd3 O-O 19.Bh3 Rfe8 20.Rhe1 Re7 21.Qc4 Rc7 22.Qd3 Kg7
23.Rf1 Re7 24.Rfe1 Rc7 25.Rf1 Re7 26.Rfe1  1/2-1/2

[Event "KNSB TCh-NED 2007-8"]
[Site "Netherlands NED"]
[Date "2008.03.08"]
[Round "7"]
[White "Burg,T"]
[Black "Li Shilong"]
[Result "0-1"]
[WhiteElo "2262"]
[BlackElo "2502"]

1.e4 c5 2.Nf3 d6 3.d4 cxd4 4.Nxd4 Nf6 5.Nc3 a6 6.Be3 e5 7.Nf3 Be7 8.Bc4 O-O
9.O-O Be6 10.Qe2 Qc7 11.Bb3 Rc8 12.Bg5 Nbd7 13.Rfd1 b5 14.Rac1 Rab8 15.Nd5 Bxd5
16.Bxf6 Nxf6 17.Bxd5 Nxd5 18.Rxd5 Qc4 19.Qxc4 bxc4 20.Rb1 g6 21.g4 Kg7 22.Kf1 f5
23.gxf5 gxf5 24.exf5 Kf6 25.Ke2 Kxf5 26.Nd2 Rb5 27.Rxb5 axb5 28.Rg1 c3 29.bxc3 Rxc3
30.Rg7 Bf6 31.Rxh7 Rxc2 32.Kd1 Rxa2 33.Rd7 Ke6 34.Rb7 Rb2 35.f3 d5 36.Kc1 Rb4
37.Kc2 Bg5 38.Nf1 Kd6 39.Ng3 Kc6 40.Rb8 Rf4 41.Re8 Kd6 42.Rg8 Bf6 43.Rb8 Rxf3
44.Rxb5 e4 45.Kd2 Ke5 46.Ke2 Ra3 47.Nf1 Ra2+ 48.Kd1 Bg5 49.h4 Rf2 50.Ng3 Bxh4
51.Ne2 Bg5 52.Ke1 Rh2 53.Nc3 Bd2+  0-1

[Event "ch-RUS Boys u20"]
[Site "St Petersburg RUS"]
[Date "2008.03.08"]
[Round "1"]
[White "Lintchevski,D"]
[Black "Lovkov,R"]
[Result "1-0"]
[WhiteElo "2440"]
[BlackElo "2457"]

1.e4 c5 2.Nf3 d6 3.d4 cxd4 4.Nxd4 Nf6 5.Nc3 a6 6.Be3 Ng4 7.Bc1 Nf6 8.Be2 e5
9.Nb3 Be7 10.O-O O-O 11.a4 b6 12.Bg5 Nbd7 13.Bc4 Bb7 14.Qe2 Qc7 15.Rfd1 Rfc8
16.Nd2 h6 17.Bxf6 Nxf6 18.Bb3 Qc5 19.Nf1 Bf8 20.Ng3 g6 21.Qf3 Kg7 22.Nf1 Qa5
23.Ne3 Rxc3 24.bxc3 Bxe4 25.Qe2 Rc8 26.Nc4 Qc5 27.a5 b5 28.Nb6 Rc7 29.c4 bxc4
30.Qxc4 d5 31.Qxc5 Rxc5 32.Na4 Rxa5 33.Nc3 Rxa1 34.Rxa1 Bf5 35.Nxd5 Nxd5
36.Bxd5 Bxc2 37.Rxa6 g5 38.g4 Bg6 39.Kg2 Bc5 40.Rc6 Bd4 41.Rc7 Bb6 42.Rb7 Bd4
43.f3 h5 44.h3 hxg4 45.hxg4 Kf6 46.Rc7 Be3 47.Be4 Ke6 48.Rc6+ Kd7 49.Ra6 Bxe4
50.fxe4 Ke7 51.Kf3 Bd4 52.Ke2 Bc3 53.Kd3 Bd4 54.Kc4 Bb2 55.Kd5 Bd4 56.Ra3 Kd7
57.Rb3 Ke7 58.Rb7+ Kf6 59.Kd6 Bf2 60.Kd7 Be3 61.Ke8 Ke6 62.Rxf7 Kd6 63.Rd7+ Ke6
64.Rd5 Bf4 65.Kf8 Be3 66.Kg7 Bf4 67.Kg6 Be3 68.Ra5 Ke7  1-0

[Event "FSGM March"]
[Site "Budapest HUN"]
[Date "2008.03.09"]
[Round "8"]
[White "Szabo,Krisz1"]
[Black "Nguyen Huynh Minh Huy"]
[Result "1/2-1/2"]
[WhiteElo "2500"]
[BlackElo "2398"]

1.e4 c5 2.Nf3 d6 3.d4 cxd4 4.Nxd4 Nf6 5.Nc3 a6 6.Be3 e5 7.Nb3 Be6 8.f3 Be7
9.Qd2 O-O 10.O-O-O a5 11.a4 Na6 12.g4 Nb4 13.Kb1 Qb8 14.g5 Nd7 15.h4 Rc8
16.h5 b5 17.Bxb5 Nb6 18.Qg2 Nc4 19.Bc1 d5 20.g6 d4 21.Rdg1 Bf8 22.gxh7+ Kxh7
23.Rh3  1/2-1/2

[Event "ch-RUS Girls u20"]
[Site "St Petersburg RUS"]
[Date "2008.03.09"]
[Round "2"]
[White "Shlakich,A"]
[Black "Vasilkova,S"]
[Result "1/2-1/2"]
[WhiteElo "2244"]
[BlackElo "2359"]

1.e4 c5 2.Nf3 d6 3.d4 cxd4 4.Nxd4 Nf6 5.Nc3 a6 6.Be3 e5 7.Nb3 Be6 8.f3 Nbd7
9.g4 Nb6 10.g5 Nh5 11.Qd2 Rc8 12.O-O-O Be7 13.Kb1 O-O 14.Rg1 g6 15.h4 Qc7
16.f4 Nxf4 17.Bxf4 exf4 18.Qxf4 Na4 19.Rg3 b5 20.Nd4 Nxc3+ 21.Rxc3 Qd7 22.Nxe6 fxe6
23.Rxc8 Qxc8 24.Qg3 e5 25.h5 gxh5 26.Bh3 Qc4 27.Bf5 Kg7 28.Rh1 Qe2 29.Qh4 Rf7
30.a3 Kf8 31.Qxh5 Qxh5 32.Rxh5 Rg7 33.Bxh7 Rxg5 34.Rh3 Bd8 35.Rd3 Ke7 36.Bf5 Rg2
37.Rh3 Bb6 38.Rh7+ Kf6 39.Rh6+ Ke7 40.Re6+ Kd8 41.Rxd6+ Kc7 42.Re6 Rg1+ 43.Ka2 Rg2
44.Kb3 Rg3+ 45.c3 Rg2 46.Rxe5 Be3 47.Re7+ Kb6 48.Re6+ Kc5 49.Re5+ Kb6 50.Re6+ Kc5
51.Re5+ Kb6  1/2-1/2

[Event "ch-UKR Girls u20"]
[Site "Odessa UKR"]
[Date "2008.03.11"]
[Round "7"]
[White "Muzychuk,M"]
[Black "Chulivska,V"]
[Result "1-0"]
[WhiteElo "2357"]
[BlackElo "2291"]

1.e4 c5 2.Nf3 d6 3.d4 cxd4 4.Nxd4 Nf6 5.Nc3 a6 6.Be3 e6 7.f3 b5 8.Qd2 Bb7
9.O-O-O Nbd7 10.g4 Nb6 11.h4 Nfd7 12.g5 b4 13.Nb1 d5 14.Qg2 Qc7 15.h5 O-O-O
16.Nd2 Na4 17.exd5 Ndb6 18.Qf2 Nxb2 19.Nxe6 Nxd1 20.Kxd1 fxe6 21.Bxb6 Qc3
22.Bd4 Qa3 23.dxe6 Bc5 24.Rh4 Bxd4 25.Rxd4 Rxd4 26.Qxd4 Bxf3+ 27.Ke1 Bc6
28.Nb3 Qxa2 29.Qc5 Qa4 30.Bg2 Kc7 31.Nd4 Qa1+ 32.Ke2 Qc3 33.Qxc3 bxc3 34.Bxc6 Kd6
35.Bd7 g6 36.h6 Rf8 37.Kd3 Rf4 38.Ne2 Rf3+ 39.Kd4 Rf2 40.Nxc3 Rd2+ 41.Ke3 Rxc2
42.Ne4+ Ke7 43.Nf6 Rc5 44.Nxh7 a5 45.Nf6 a4 46.h7 Rc3+ 47.Kd2 Rh3 48.Ng8+ Kd8
49.Nh6  1-0

[Event "ch-Siberia"]
[Site "Novokuznetsk RUS"]
[Date "2008.03.13"]
[Round "1"]
[White "Dolsonov,A"]
[Black "Tuzhik,A"]
[Result "0-1"]
[WhiteElo "2095"]
[BlackElo "2313"]

1.e4 c5 2.Nf3 d6 3.d4 cxd4 4.Nxd4 Nf6 5.Nc3 a6 6.Be3 e5 7.Nb3 Be6 8.Be2 Be7
9.O-O O-O 10.f4 exf4 11.Bxf4 Nc6 12.Kh1 Rc8 13.Nd4 Bd7 14.Nf3 Qc7 15.Bg5 Be6
16.Nd5 Bxd5 17.exd5 Ne5 18.Nxe5 dxe5 19.Bxf6 Bxf6 20.Bd3 Qb6 21.d6 Rfd8 22.Qh5 g6
23.Qg4 Qxd6 24.Qf3 Kg7 25.Qxb7 Rb8 26.Qf3 Rxb2 27.Rad1 Qb6 28.a4 Rd4 29.a5 Qe6
30.Rde1 Ra2 31.c3 Rd6 32.Qe4 Rxa5 33.Bc4 Qd7 34.g4 Ra4 35.g5 Bxg5 36.Qxe5+ Bf6
37.Qe4 Bxc3 38.Rb1  0-1

[Event "ch-RUS Girls u20"]
[Site "St Petersburg RUS"]
[Date "2008.03.13"]
[Round "6"]
[White "Shlakich,A"]
[Black "Ambartsumova,K"]
[Result "0-1"]
[WhiteElo "2244"]
[BlackElo "2228"]

1.e4 c5 2.Nf3 d6 3.d4 cxd4 4.Nxd4 Nf6 5.Nc3 a6 6.Be3 e5 7.Nb3 Be6 8.f3 Be7
9.Qd2 O-O 10.O-O-O Nbd7 11.g4 b5 12.Rg1 b4 13.Nd5 Bxd5 14.exd5 a5 15.g5 Nh5
16.Kb1 Qc7 17.Qf2 a4 18.Nc1 a3 19.b3 f5 20.f4 Qc3 21.Nd3 Nxf4 22.Bxf4 exf4
23.Qd2 Qd4 24.Qf2 Qc3 25.Qe1 Qd4 26.Bh3 Ne5 27.Qxb4 Qxb4 28.Nxb4 Nf3 29.Rgf1 Nxg5
30.Bg2 Ne4 31.Bxe4 fxe4 32.Rd4 e3 33.Nd3 Bh4 34.c3 e2 35.Rfxf4 Rxf4 36.Rxf4 e1=Q+
37.Nxe1 Bxe1 38.Kc2 Rc8 39.Rf3 Rf8 40.Re3 Bh4 41.b4 Rf2+ 42.Kb3 Rxh2 43.c4 Rd2
44.Re6 g5 45.Rxd6 g4 46.c5 g3 47.c6 Rf2 48.c7 Rf8 49.Rc6 g2 50.Rc1 Bg3 51.Rg1 Rf3+
52.Kc4 Bxc7 53.Rxg2+ Rg3 54.Rd2 Rg6 55.Rd3 Bd6 56.Rb3 Rg3 57.Rb1 Rg2 58.Kb5 Rxa2
59.Kc6 Be5 60.d6 Rd2 61.b5 a2 62.Rg1+ Kf7 63.b6 Rxd6+ 64.Kc5 Bd4+ 65.Kxd6 Bxg1  0-1

[Event "TCh-HUN 2007-8"]
[Site "Budapest HUN"]
[Date "2008.03.16"]
[Round "8"]
[White "To,N"]
[Black "Duong The Anh"]
[Result "0-1"]
[WhiteElo "2281"]
[BlackElo "2381"]

1.e4 c5 2.Nf3 d6 3.d4 cxd4 4.Nxd4 Nf6 5.Nc3 a6 6.Be3 e5 7.Nb3 Be6 8.f3 Be7
9.Qd2 O-O 10.O-O-O a5 11.Bb5 Na6 12.Qe2 Qb8 13.Kb1 Nc7 14.Bb6 Nxb5 15.Nxb5 a4
16.Nc1 Rc8 17.Qf2 Rc6 18.Nd3 Bc4 19.Ba7 Qd8 20.Nxe5 Bxb5 21.Nxc6 bxc6 22.Bd4 Qc8
23.Bxf6 Bxf6 24.Rxd6 Be5 25.Rd2 a3 26.b3 Bc3 27.Rd6 Bb4 28.Rdd1 Qc7 29.Qd4 Bf8
30.e5 c5 31.Qc3 Qb7 32.Qd2 c4 33.Qd5 Qa6 34.Rhe1 Re8 35.f4 cxb3 36.axb3 Bc6
37.Qd2 a2+ 38.Ka1 Qa3 39.Re2 Rc8 40.Qc1 Qa8 41.c3 Bxg2 42.Rxa2 Qb7 43.Qd2 Bf3
44.Rf1 Be4 45.Re1 Bf5 46.b4 g6 47.Qd4 Qf3 48.Kb2 Be6 49.Ra7 Rxc3 50.Qxc3 Qf2+
51.Kc1 Qxa7  0-1

[Event "TCh-AUT 1st Bundesliga 2007-8"]
[Site "Graz AUT"]
[Date "2008.03.16"]
[Round "11"]
[White "Schiestl,J"]
[Black "Moser,Gue"]
[Result "1/2-1/2"]
[WhiteElo "2138"]
[BlackElo "2354"]

1.e4 c5 2.Nf3 d6 3.d4 cxd4 4.Nxd4 Nf6 5.Nc3 a6 6.Be3 e6 7.Be2 Be7 8.f4 Qc7
9.O-O O-O 10.g4 d5 11.exd5 Nxd5 12.Nxd5 exd5 13.Bf3 Rd8 14.Qd2 Nd7 15.g5 Nc5
16.Qg2 Ne4 17.f5  1/2-1/2

[Event "ch-RUS Boys u20"]
[Site "St Petersburg RUS"]
[Date "2008.03.18"]
[Round "11"]
[White "Lovkov,R"]
[Black "Sjugirov,S"]
[Result "0-1"]
[WhiteElo "2457"]
[BlackElo "2491"]

1.e4 c5 2.Nf3 d6 3.d4 cxd4 4.Nxd4 Nf6 5.Nc3 a6 6.Be3 e5 7.Nb3 Be6 8.Qd2 Be7
9.O-O-O Nbd7 10.f4 b5 11.Kb1 O-O 12.Be2 Rc8 13.f5 Bc4 14.Bf3 b4 15.Nd5 Nxd5
16.exd5 a5 17.g4 a4 18.Nc1 b3 19.cxb3 axb3 20.axb3 Bb5 21.g5 Ra8 22.h4 Qc8
23.Be2 Qa6 24.Bxb5 Qxb5 25.Rhg1 Rfc8 26.Rg4 Nc5 27.Qb4 Nxb3 28.Nxb3 Qe2  0-1

[Event "ch-WLS"]
[Site "Cardiff WLS"]
[Date "2008.03.22"]
[Round "2"]
[White "Turner,JD"]
[Black "Jones,RS"]
[Result "0-1"]
[WhiteElo "1966"]
[BlackElo "2344"]

1.e4 c5 2.Nf3 d6 3.d4 cxd4 4.Nxd4 Nf6 5.Nc3 a6 6.Be3 e5 7.Nde2 Be6 8.Qd2 Nbd7
9.g3 Nb6 10.Bxb6 Qxb6 11.Bg2 Be7 12.O-O O-O 13.Nd5 Nxd5 14.exd5 Bf5 15.c4 Rfc8
16.b3 h6 17.Kh1 Qc5 18.f4 exf4 19.Qxf4 Bg6 20.Bh3 Bg5 21.Qf3 Re8 22.Bg2 b5
23.Nf4 Be4 24.Qf2 Qxf2 25.Rxf2 bxc4 26.bxc4 Rac8 27.Bxe4 Rxe4 28.Rb1 Bxf4
29.gxf4 Rcxc4 30.Rb6 Rxf4 31.Rfb2 Rg4 32.h3 Rg3 33.Rxd6 Rxh3+ 34.Kg2 Rd3
35.Rf2 Rcd4 36.Rxa6 Rxd5 37.Ra8+ Rd8 38.Ra7 R3d7 39.Rxd7 Rxd7 40.a4 Ra7 41.Ra2 Ra5
42.Kf3 h5 43.Rh2 g6 44.Rh4 Kg7 45.Rb4 f6 46.Rb7+ Kh6 47.Rb4 g5 48.Rb6 Kg6
49.Rb4 h4 50.Kg2 f5 51.Kh3 Kh5 52.Rb5 Rxa4 53.Rxf5 Ra3+ 54.Kh2 Kg4 55.Rf2 h3
56.Rb2 Kh4 57.Rc2 g4 58.Rc1 Rd3 59.Re1 g3+ 60.Kg1 Kg4 61.Re4+ Kf3 62.Re1 Rd2
63.Rf1+ Ke2  0-1

[Event "Spring Festival"]
[Site "Budapest HUN"]
[Date "2008.03.24"]
[Round "4"]
[White "Rozsnyai,Ti"]
[Black "Kutasi,K"]
[Result "1/2-1/2"]
[WhiteElo "2164"]
[BlackElo "1896"]

1.e4 c5 2.Nf3 d6 3.d4 cxd4 4.Nxd4 Nf6 5.Nc3 a6 6.Be3 e5 7.Nf3 Be7 8.Bc4 O-O
9.O-O Be6 10.Qe2 Nc6 11.Bb3 Rc8 12.Rfd1 b5 13.Bg5 Qc7 14.Bxf6 Bxf6 15.Nd5 Bxd5
16.Rxd5 Be7 17.c3 Na5 18.Rad1 Nc4 19.Bxc4 bxc4 20.Nxe5 dxe5 21.Rd7 Qa5 22.Rxe7 Qxa2
23.g3 Rc5 24.Rdd7 Rc6 25.Rxe5 Rb6 26.Rd2 Rfb8 27.Red5 g6 28.Rd8+ Rxd8 29.Rxd8+ Kg7
30.Rd2 a5 31.Kg2 a4 32.e5 Qb3 33.Rd7 Qb5 34.Rd2 Qc6+ 35.Qf3 Qe6 36.Qe4 Rb5
37.f4 Qb6 38.Qe2 Qc6+ 39.Kh3 Qe6+ 40.Qg4 Qb6 41.Rd6 Qg1 42.Qe2 Qc5 43.Rd2 h5
44.Qf2 Qc8+ 45.Kg2 Qb7+ 46.Kh3 Qc8+  1/2-1/2

[Event "ch-TUR"]
[Site "Ankara TUR"]
[Date "2008.03.25"]
[Round "3"]
[White "Erdogdu,M"]
[Black "Yilmaz,M"]
[Result "0-1"]
[WhiteElo "2434"]
[BlackElo "2288"]

1.e4 c5 2.Nf3 d6 3.d4 cxd4 4.Nxd4 Nf6 5.Nc3 a6 6.Be3 e5 7.Nb3 Be7 8.f3 Be6
9.Qd2 h5 10.Be2 Nbd7 11.Nd5 Bxd5 12.exd5 h4 13.Na5 Qc7 14.c4 Nh5 15.b4 O-O
16.O-O f5 17.Rfd1 f4 18.Bf2 h3 19.gxh3 e4 20.fxe4 f3 21.Bf1 Ne5 22.Bg3 f2+
23.Kh1 Nxg3+ 24.hxg3 Rf3 25.Bg2 Qd7 26.Kh2 Raf8 27.Rf1 Qe8 28.Qe2 Qg6 29.Bxf3 Rxf3
30.Qxf2 Rxf2+ 31.Rxf2 Qxe4 32.Raf1 b6 33.Nc6 Nxc6 34.Rf4 Qc2+ 35.R1f2 Qa4
36.dxc6 Qxc6 37.Re2 Bf6 38.a3 Qa4 39.Rf3 Qd1 40.Rfe3 Qc1 41.b5 Qxc4 42.bxa6 Qxa6
43.h4 d5 44.Rd2 Qc4 45.Red3 Bc3 46.Rd1 d4 47.Kh3 Qe6+ 48.Kh2 Qa2+  0-1

[Event "Spring Festival"]
[Site "Budapest HUN"]
[Date "2008.03.25"]
[Round "5"]
[White "Trajber,C"]
[Black "Berente,A"]
[Result "1/2-1/2"]
[WhiteElo "2126"]
[BlackElo "1934"]

1.e4 c5 2.Nf3 d6 3.d4 cxd4 4.Nxd4 Nf6 5.Nc3 a6 6.Be3 e6 7.Be2 Qc7 8.O-O b5
9.a3 Bb7 10.Bd3 Nbd7 11.f4 h5 12.h3 g6 13.Qe1 Nc5 14.Bf2 Be7 15.Nf3 d5 16.e5 Nfe4
17.Bd4 h4 18.b4 Nxd3 19.cxd3 Ng3 20.Rf2 Nf5 21.Rc1 Rc8 22.Rfc2 Qd7 23.Ne2 O-O
24.Bc5 Bxc5+ 25.Rxc5 d4 26.Qf2 Rxc5 27.Rxc5 Rd8 28.Nxh4 Ne3 29.Nf3 Bxf3 30.Qxf3 Nd5
31.Qe4 Ne7 32.g4 Kg7 33.Kg2 Kg8 34.Ng3 Rc8 35.Rxc8+ Qxc8 36.Qxd4 Qc2+ 37.Kg1 Nd5
38.f5 Qc1+ 39.Kg2 Qd2+ 40.Ne2 Qg5 41.fxe6 fxe6 42.Kf3 Qh4 43.Nf4 Nxf4 44.Kxf4 g5+
45.Ke4 Qh7+ 46.Ke3 Qxh3+ 47.Kd2 Qg2+ 48.Kc3 Qa2 49.Qd8+ Kf7 50.Qf6+ Ke8 51.Qg6+ Kf8
52.Qf6+ Ke8 53.Qh8+ Ke7 54.Qf6+ Kd7 55.Qg7+ Kc8 56.Qf8+ Kd7 57.Qd6+ Ke8 58.Kd4 Qf2+
59.Kc3 Qe1+ 60.Kc2 Qe2+ 61.Kc3 Qe1+ 62.Kc2 Qe2+  1/2-1/2

[Event "Spring Festival"]
[Site "Budapest HUN"]
[Date "2008.03.26"]
[Round "6"]
[White "Rozsnyai,Ti"]
[Black "Griffiths,R"]
[Result "1/2-1/2"]
[WhiteElo "2164"]
[BlackElo "2039"]

1.e4 c5 2.Nf3 d6 3.d4 cxd4 4.Nxd4 Nf6 5.Nc3 a6 6.Be3 e6 7.Bd3 Be7 8.O-O O-O
9.f4 Nc6 10.Qf3 Qc7 11.Kh1 Nxd4 12.Bxd4 e5 13.Be3 exf4 14.Bxf4 Be6 15.Rae1 Ne8
16.e5 dxe5 17.Bxe5 Bd6 18.Nd5 Qa5 19.Bxd6 Bxd5 20.Bxh7+ Kxh7 21.Qh3+ Kg8
22.Bxf8 Nf6 23.b4 Qxa2 24.Rxf6 gxf6 25.Bh6 Qxc2  1/2-1/2

[Event "Spring Open"]
[Site "Belgrade SCG"]
[Date "2008.03.27"]
[Round "3"]
[White "Miladinovic,L"]
[Black "Marinkov,S"]
[Result "0-1"]
[WhiteElo "1823"]
[BlackElo "2061"]

1.e4 c5 2.Nf3 d6 3.d4 cxd4 4.Nxd4 Nf6 5.Nc3 a6 6.Be3 e6 7.Be2 Be7 8.O-O O-O
9.Kh1 b5 10.a3 Bb7 11.f3 Qc7 12.Qd2 d5 13.exd5 Nxd5 14.Nxd5 Bxd5 15.Nf5 Bf6
16.c3 Rd8 17.Nd4 e5 18.Nc2 Bxf3 19.Qe1 Bxe2 20.Qxe2 Nd7 21.Qg4 Qc4 22.Qf5 Nf8
23.Rae1 Rd6 24.Qf2 Rad8 25.Bc1 Ng6 26.Ne3 Qc6 27.Nf5 R6d7 28.Kg1 Qc4 29.Qb6 Qe6
30.Qf2 Be7 31.Kh1 Bf8 32.Qc2 Bc5 33.a4 Qc6 34.axb5 axb5 35.Qe2 Re8 36.Qg4 Bf8
37.Qe2 Re6 38.Rf3 Nf4 39.Bxf4 exf4 40.Qf1 Rxe1 41.Qxe1 Qe6 42.Qb1 Qxf5 43.Qf1 Bd6
44.Qe2 Re7 45.Qd2 Qb1+  0-1

[Event "FKB ch-USA Qualifier"]
[Site "Tulsa USA"]
[Date "2008.03.28"]
[Round "1"]
[White "Akopian,R"]
[Black "Ludwig,D"]
[Result "0-1"]
[WhiteElo "2134"]
[BlackElo "2357"]

1.e4 c5 2.Nf3 d6 3.d4 cxd4 4.Nxd4 Nf6 5.Nc3 a6 6.Be3 e6 7.f3 b5 8.g4 Nfd7
9.Qd2 Nb6 10.a4 bxa4 11.Nxa4 Nxa4 12.Rxa4 Be7 13.g5 O-O 14.Be2 Bb7 15.O-O Nd7
16.Rfa1 d5 17.exd5 Nb6 18.dxe6 Nxa4 19.Rxa4 Kh8 20.Qa5 Qd6 21.Nf5 Qxe6 22.Bc4 Qc6
23.Be2 Rfe8 24.Rc4 Qe6 25.Nxe7 Qxe3+  0-1

[Event "ch-TUR"]
[Site "Ankara TUR"]
[Date "2008.03.29"]
[Round "7"]
[White "Secer,A"]
[Black "Yilmaz,M"]
[Result "1-0"]
[WhiteElo "2308"]
[BlackElo "2288"]

1.e4 c5 2.Nf3 d6 3.d4 cxd4 4.Nxd4 Nf6 5.Nc3 a6 6.Be3 e5 7.Nf3 Qc7 8.a4 b6
9.Qd3 Nbd7 10.Qc4 Qxc4 11.Bxc4 Be7 12.Bd5 Rb8 13.a5 bxa5 14.b3 Bd8 15.Nd2 Nxd5
16.Nxd5 Bb7 17.Nc4 Bxd5 18.exd5 Ke7 19.Nxa5 Bxa5+ 20.Rxa5 Rhc8 21.Kd2 Rb5
22.Rha1 Rc7 23.R1a3 Rcb7 24.Kc3 h6 25.Kb2 Rxa5 26.Rxa5 Rb5 27.Rxa6 Rxd5 28.c4 Rd1
29.b4 f5 30.b5 f4 31.Ba7 e4 32.Rc6 Ne5 33.Rc7+ Ke6 34.Kc2 Ra1 35.b6 e3 36.fxe3 fxe3
37.b7 Ra2+ 38.Kb3 Ra1 39.Bxe3 Rb1+ 40.Kc2 Rb4 41.Ba7  1-0

[Event "3rd Open"]
[Site "Kolkata IND"]
[Date "2008.03.29"]
[Round "6"]
[White "Shashikant,K"]
[Black "Barbosa,O PHI"]
[Result "0-1"]
[WhiteElo "2316"]
[BlackElo "2410"]

1.e4 c5 2.Nf3 d6 3.d4 cxd4 4.Nxd4 Nf6 5.Nc3 a6 6.Be3 e5 7.Nf3 Be7 8.Bc4 Nc6
9.O-O O-O 10.Qe2 b5 11.Bb3 Be6 12.Rfd1 Qc7 13.Bg5 b4 14.Bxf6 bxc3 15.Bxe7 cxb2
16.Bxf8 bxa1=R 17.Rxa1 Kxf8 18.Bxe6 fxe6 19.Qc4 Qc8 20.Ng5 Nd4 21.Qd3 h6
22.c3 Qxc3 23.Nxe6+ Kf7 24.Qxc3 Ne2+ 25.Kf1 Nxc3 26.Nc7 Ra7 27.Nd5 Nxe4 28.Rc1 Nc5
29.Ke2 Rb7 30.Rc2 Ke6 31.Ne3 Rb5 32.Nc4 d5 33.Na3 Ra5 34.Nb1 d4 35.Rb2 Kd5
36.f3 g5 37.g4 Rb5 38.Rxb5 axb5 39.Nd2 b4 40.h3 e4 41.fxe4+ Nxe4 42.Nf3 Nc3+
43.Kd3 Nxa2 44.Nxd4 Nc1+ 45.Ke3 b3 46.Nb5 Kc4 47.Na3+ Kb4 48.Nb1 b2 49.Ke4 Kb3
50.Nd2+ Ka2 51.Ke5 Nb3 52.Ne4 Ka1 53.Nc3 Nc5  0-1

[Event "FKB ch-USA Qualifier"]
[Site "Tulsa USA"]
[Date "2008.03.29"]
[Round "5"]
[White "Bady,G"]
[Black "Andrews,T"]
[Result "0-1"]
[WhiteElo "2226"]
[BlackElo "2312"]

1.e4 c5 2.Nf3 d6 3.d4 cxd4 4.Nxd4 Nf6 5.Nc3 a6 6.Be3 e5 7.Nb3 Be6 8.f3 Be7
9.g4 Qc7 10.Qd2 O-O 11.O-O-O Rc8 12.g5 Nh5 13.Kb1 Nd7 14.Nd5 Bxd5 15.exd5 Rcb8
16.Rg1 Bf8 17.Bh3 a5 18.Bg4 Nf4 19.Bxf4 exf4 20.Bxd7 Qxd7 21.Qxf4 a4 22.Nd2 b5
23.Ne4 Kh8 24.Rg4 b4 25.Nf6 Qe7 26.Rh4 gxf6 27.Rxh7+ Kxh7 28.Qh4+ Kg8 29.gxf6 Qe3
30.Qg4+ Kh7  0-1

[Event "TCh-HUN 2007-8"]
[Site "Budapest HUN"]
[Date "2008.03.30"]
[Round "9"]
[White "To,N"]
[Black "Varadi,V"]
[Result "0-1"]
[WhiteElo "2281"]
[BlackElo "2443"]

1.e4 c5 2.Nf3 d6 3.d4 cxd4 4.Nxd4 Nf6 5.Nc3 a6 6.Be3 e6 7.f3 b5 8.g4 Bb7
9.Qd2 Nfd7 10.O-O-O Nb6 11.Ndxb5 axb5 12.Nxb5 Nc6 13.Kb1 Nc8 14.Qc3 Rg8 15.Bc4 Be7
16.g5 Kf8 17.f4 Qa5 18.Qb3 Qa4 19.Nc7 Qxb3 20.Bxb3 Rb8 21.f5 Bd8 22.Nb5 exf5
23.exf5 N6e7 24.Rhe1 Bf3 25.Nxd6 Bxd1 26.Rxd1 Nxd6 27.Rxd6 Nxf5 28.Bc5 Be7
29.Rd5 g6 30.a4 Rc8 31.Bb6 Kg7 32.Rd7 Rgf8 33.h4 Bc5 34.Bc7 Nxh4 35.a5 Nf3
36.Bd5 Nxg5 37.c3 Rfe8 38.b4 Re7 39.Rxe7 Bxe7 40.Bb6 Bd8 41.Bd4+ Bf6 42.Bxf6+ Kxf6
43.c4 Ne6 44.b5 Nc5 45.a6 Rc7 46.Kc2 Ke7 47.Kc3 Nxa6 48.bxa6 Ra7 49.Bb7 Kd6
50.Kb4 Rxb7+ 51.axb7 Kc7  0-1

[Event "TCh-HUN 2007-8"]
[Site "Budapest HUN"]
[Date "2008.03.30"]
[Round "9"]
[White "Papp,Ge"]
[Black "Bobras,P"]
[Result "0-1"]
[WhiteElo "2414"]
[BlackElo "2564"]

1.e4 c5 2.Nf3 d6 3.d4 cxd4 4.Nxd4 Nf6 5.Nc3 a6 6.Be3 e5 7.Nde2 Nbd7 8.h3 b5
9.g4 Bb7 10.Bg2 Nb6 11.g5 Nfd7 12.b3 Rc8 13.Qd2 Qc7 14.O-O-O g6 15.Kb2 b4
16.Nd5 Bxd5 17.exd5 Bg7 18.Rc1 Nc5 19.Kb1 Rb8 20.c4 a5 21.Ng3 Nbd7 22.h4 a4
23.Kc2 Ra8 24.Ra1 O-O 25.Bh3 e4 26.Bd4 Ne5 27.Qe3 axb3+ 28.axb3 Nxb3 29.Qxb3 Nxc4
30.Bxg7 Na5+  0-1

[Event "TCh-HUN 2007-8"]
[Site "Budapest HUN"]
[Date "2008.03.30"]
[Round "9"]
[White "Medvegy,N"]
[Black "Duong The Anh"]
[Result "0-1"]
[WhiteElo "2369"]
[BlackElo "2381"]

1.e4 c5 2.Nf3 d6 3.d4 cxd4 4.Nxd4 Nf6 5.Nc3 a6 6.Be3 e5 7.Nf3 Be6 8.Ng5 Nc6
9.g3 Be7 10.Nxe6 fxe6 11.Bg2 O-O 12.O-O Kh8 13.f4 exf4 14.gxf4 Qa5 15.Qf3 Rad8
16.Rad1 e5 17.Nd5 Nxd5 18.exd5 Nd4 19.Bxd4 exd4 20.Qh3 g6 21.Be4 Rf6 22.f5 g5
23.Qb3 Rd7 24.Kh1 Rh6 25.Rxd4 Bf6 26.Rdd1 Re7 27.Bf3 Be5 28.Rf2 Bg3 29.Rfd2 Bf4
30.f6 Qxd2 31.Rxd2 Re1+ 32.Kg2 Rxh2+  0-1